00814nam a2200193 i 450000100060000000300090000600500170001500700030003200800410003510000430007624501380011926000730025730000220033070000380035271000590039085200320044999900170048195201220049829507ES-MaACL20230906154039.0t|030122s1973 sp ||||1| spa d1 aBarceló Rico-Avello, Gabriel.92552210aModelos de comportamiento directivo en la empresa española / cGabriel Barceló Rico-Avello ; prólogo: Bernardino Herrero Nieto. aMadrid : bAsociación para el Progreso de la Dirección, c[1973] a178 p. ; c23 cm.1 aHerrero Nieto, Bernardino.9633362 aAsociación para el Progreso de la Dirección.91775 aES-MaACLjC-55595 bR.88375 c29507d29507 00104070aATENEOMbATENEOMcDEPO2d2008-01-17eSCl0oC-55595p1030463r2023-02-23 00:00:00w2023-02-23yMONOGRAFIA